| 000 | 00862nam a2200265Ia 4500 | ||
|---|---|---|---|
| 003 | OSt | ||
| 005 | 20221005092519.0 | ||
| 006 | a|||||r|||| 00| 0 | ||
| 007 | ta | ||
| 008 | 221004b |||||||| |||| 00| 0 eng d | ||
| 020 |
_a9781138484344 (pbk) _cUKP 43.99 |
||
| 024 | _a63435 | ||
| 037 |
_b1762, 08/01/2020, Bright Book Service _cTextual |
||
| 040 |
_aCRL _cCRL _beng |
||
| 041 |
_2eng _aeng |
||
| 082 | _aR3xN, Q9 | ||
| 100 |
_aMarshall Eugene Ed. _9480117 |
||
| 245 | 0 |
_aNew modern philosophy _b inclusive anthology of primary sources |
|
| 260 |
_aNew York _bRoutledge USA _c2019 |
||
| 300 |
_axxvii,727p. _ccm. |
||
| 650 | _aMODERN PHILOSOPHY | ||
| 700 |
_a Sreedhar Susanne Ed. _9480118 |
||
| 942 |
_hR3xN, Q9 _cTEXL _2cc |
||
| 999 |
_c998939 _d998939 |
||